Outsourcing a cloud computing - nový potenciál pre banky

Nové informačné technológie v oblasti bankovníctva. Možnosti a využívanie cloud computingu. Technologické princípy a centralizácia dát s automatizovaným riadením na diaľku. Využívanie cloud computingu v ČR a vo svete.

Saved in:
Bibliographic Details
Main Author: Brodský, Jan
Format: Book Chapter
Language:Czech
Subjects:
Tags: Add Tag
No Tags, Be the first to tag this record!

MARC

LEADER 00000naa a2200000 4500
001 0127367
005 20231129094019.2
041 0 |a cze 
044 |a CZ 
245 1 0 |a Outsourcing a cloud computing - nový potenciál pre banky  |c Jan Brodský 
520 |a Nové informačné technológie v oblasti bankovníctva. Možnosti a využívanie cloud computingu. Technologické princípy a centralizácia dát s automatizovaným riadením na diaľku. Využívanie cloud computingu v ČR a vo svete. 
610 2 0 |a Česko 
610 2 0 |a banky 
610 2 0 |a bankovníctvo 
610 2 0 |a služby bankové 
610 2 0 |a služby finančné 
610 2 0 |a styk platobný 
610 2 0 |a internetbanking 
610 2 0 |a technológie informačné 
610 2 0 |a technológie komunikačné 
610 2 0 |a outsourcing 
100 1 |a Brodský, Jan